Statistics for Countries Bordering the Countries Bordering Kazakhstan

Click here to take the quiz!

General Stats

  • This quiz has been taken 18 times
    (13 since last reset)
  • The average score is 27 of 30

Answers on the Map

Answers color-coded by a green-red scale on the quiz's map according to % correct below.
 

Answer Stats

Answer% Correct
Russia
100%
Azerbaijan
92%
Azerbaijan
92%
Belarus
92%
China
92%
Estonia
92%
Finland
92%
Georgia
92%
Georgia
92%
Latvia
92%
Lithuania
92%
Mongolia
92%
Norway
92%
Poland
92%
Tajikistan
92%
Turkmenistan
92%
Ukraine
92%
Afghanistan
85%
Bhutan
85%
India
85%
Iran
85%
Kyrgyzstan
85%
Laos
85%
Myanmar
85%
Nepal
85%
North Korea
85%
Pakistan
85%
Uzbekistan
85%
Vietnam
85%
Armenia
62%

Score Distribution

Percentile by Number Answered

Percent of People with Each Score

Your Score History

You have not taken this quiz since the last reset